A Szegedi Közlekedési Vállalat átalakulása és annak humánpolitikai vonatkozásai

Elmentve itt :
Bibliográfiai részletek
Szerző: Csanda Erzsébet
További közreműködők: Ujvári József (Témavezető)
Dokumentumtípus: Szakdolgozat
Megjelent: 1995
Tárgyszavak:
Online Access:http://diploma.bibl.u-szeged.hu/34389
LEADER 00610nta a2200157 i 4500
001 dipl34389
005 20130314094204.0
008 110913s1995 hu om 0|| zxx d
040 |a SZTE Diploma Repozitórium  |b hun 
041 |a zxx 
100 1 |a Csanda Erzsébet 
245 1 2 |a A Szegedi Közlekedési Vállalat átalakulása és annak humánpolitikai vonatkozásai  |h [elektronikus dokumentum] /  |c dr. Erzsébet Csanda 
260 |c 1995 
650 4 |a Jogi és igazgatási tanulmányok 
700 1 |a Ujvári József  |e ths 
856 4 0 |u http://diploma.bibl.u-szeged.hu/id/eprint/34389/1/1994_dr_csanda_erzsebet.pdf  |z Dokumentum-elérés